000 00726nam a2200145 a 4500
008 120416s0000 ||||||||||||||||| || u
020 _a085298782X
050 _aTD 794.5 Opp
245 1 0 _aOpportunities for consumer waste recycling
246 _apapers presented at a seminar organized by the environmental engineering group...
260 _aLondon
_bMechanical Engineering Pubs
_c1991
350 _a0.00
995 _D0.00
_FCBU-MAIN LIBRARY (Kitwe)
_H1
_I17.90
_M1
_UAVAILABLE
_ZAnnex Low-Usage Collection
995 _D0.00
_FCBU-MAIN LIBRARY (Kitwe)
_H2
_I17.90
_M2
_UAVAILABLE
_ZAnnex Low-Usage Collection
999 _c81606
_d81606